000
00275nam a2200109Ia 4500
008
201216s9999 xx 000 0 und d
100
_a
Stuart-Kotze, Robin
245
0
_a
Success guide to managerial achievement
260
_a
Roston
_b
Prentice Hall
300
_a
192
942
_c
BK
999
_c
6117
_d
6117